ბათუმის შოთა რუსთაველის სახელმწიფო უნივერსიტეტის ბიბლიოთეკა

საკურსო გეგმარება ციფრულ საზომ ხელსაწყოებში და გარდამსახებში : დამხმ.სახელმძღვ. / (ბიბ.ჩანაწერი № 39245)

000 -ლიდერი
ფიქსირებული სიგრძის საკონტროლო ველი 00976nam a2200181Ia 4500
001 - საკონტროლო ნომერი
საკონტროლო ველი 5831
003 - საკონტროლო ნომრის იდენტიფიკატორი
საკონტროლო ველი GE_BSU
005 - ბოლო ოპერაციის თარიღი და დრო
საკონტროლო ველი 20190628141717.0
008 - ფიქსირებული სიგრძის მონაცემთა ელემენტები - ზოგადი ინფორმაცია
ფიქსირებული სიგრძის საკონტროლო ველი 181216s1981||||ge |||||||||||||| ||geo||
080 ## - უნივერსალური ათობითი კლასიფიკაციის ინდექსი
Universal Decimal Classification number 681.2(075.8) ტ-68
100 ## - მთავარი ჩანაწერი - პიროვნების სახელი
Personal name ტომარაძე, ო.
9 (RLIN) 1721
245 ## - ცნობა სათაურის შესახებ
Title საკურსო გეგმარება ციფრულ საზომ ხელსაწყოებში და გარდამსახებში : დამხმ.სახელმძღვ. /
Statement of responsibility, etc ო. ტომარაძე ; რედ : მ.ძიძიგური.
264 ## - წარმოების, გამოცემის, დისტრიბუციის და სხვა ცნობები
გამოცემის, წარმოების, დისტრიბუციის... ადგილი თბილისი :
გამოცემის, წარმოების, დისტრიბუციის... სახელწოდება სპი,
გამოცემის, წარმოების, დისტრიბუციის... თარიღი 1981.
300 ## - ფიზიკური აღწერა
Extent 84 გვ .:
Dimensions 20 სმ.
653 ## - INDEX TERM--UNCONTROLLED
Uncontrolled term საკურსო გეგმარება ციფრულ საზომ ხელსაწყოებში და გარდამსახებში
700 ## - ADDED ENTRY--PERSONAL NAME
Personal name ძიძიგური, მ
Relator term რედაქტორი
9 (RLIN) 472
942 ## - ADDED ENTRY ELEMENTS (KOHA)
Koha item type წიგნი
Source of classification or shelving scheme
ეგზემპლარები
ჩამოწერის სტატუსი დაკარგული ეგზემპლარის სტატუსი კლასიფიკაციის წყარო ან თაროზე გაწყობის სქემა დაზიანების სტატუსი არ გაიცემა მუდმივი მდებარეობა (დაცვის ადგილი) ამჟამინდელი ადგილსამყოფელი თაროზე განთავსების ადგილი შეძენის თარიღი ღირებულება, შესყიდვის ნორმალური ფასი სრული შენახვის შიფრი შტრიხკოდი ბოლო ოპერაციის თარიღი ეგზემპლარის მიმდევრობითი ნომერი (კეტერი?) ფასის ძალაში შესვლის თარიღი ეგზემპლარის სახეობა საჯარო შენიშვნა
          ტექნოლოგიური ფაკულტეტის ბიბლიოთეკა ტექნოლოგიური ფაკულტეტის ბიბლიოთეკა წიგნსაცავი 2018-12-17 0.00 681.2(075.8) ტ-68 11017 2018-12-17 11017 2018-12-17 წიგნი 0,40 თ.
          ტექნოლოგიური ფაკულტეტის ბიბლიოთეკა ტექნოლოგიური ფაკულტეტის ბიბლიოთეკა წიგნსაცავი 2018-12-17 0.00 681.2(075.8) ტ-68 11018 2018-12-17 11018 2018-12-17 წიგნი 0,40 თ.
          ტექნოლოგიური ფაკულტეტის ბიბლიოთეკა ტექნოლოგიური ფაკულტეტის ბიბლიოთეკა წიგნსაცავი 2018-12-17 0.00 681.2(075.8) ტ-68 11019 2018-12-17 11019 2018-12-17 წიგნი 0,40 თ.